<?xml version="1.0" encoding="UTF-8"?>
<collection xmlns="http://www.loc.gov/MARC21/slim">
 <record>
  <leader>01101pam a22002658a 4500</leader>
  <controlfield tag="001">00044111</controlfield>
  <controlfield tag="005">20190419110401.0</controlfield>
  <controlfield tag="008">110506s1983                  ||||||Viesd</controlfield>
  <datafield tag="020" ind1="#" ind2="#">
   <subfield code="a">978 604 972 625 5</subfield>
   <subfield code="c">0</subfield>
  </datafield>
  <datafield tag="041" ind1="0" ind2="#">
   <subfield code="a">Vie</subfield>
  </datafield>
  <datafield tag="082" ind1="1" ind2="4">
   <subfield code="a">895.922 09</subfield>
   <subfield code="b">G510B</subfield>
  </datafield>
  <datafield tag="100" ind1="1" ind2="#">
   <subfield code="a">Hoàng, Tuấn Cư</subfield>
  </datafield>
  <datafield tag="245" ind1="0" ind2="0">
   <subfield code="b">nghiên cứu, phê bình văn học</subfield>
   <subfield code="a">Gửi Bản Mường xa xăm để ngẫm, để ngộ</subfield>
   <subfield code="c">Hoàng Tuấn Cư</subfield>
  </datafield>
  <datafield tag="260" ind1="#" ind2="#">
   <subfield code="a">Hà Nội</subfield>
   <subfield code="b">Hội Nhà Văn</subfield>
   <subfield code="c">2018</subfield>
  </datafield>
  <datafield tag="300" ind1="#" ind2="#">
   <subfield code="a">295 tr.</subfield>
   <subfield code="c">21 cm.</subfield>
  </datafield>
  <datafield tag="500" ind1="#" ind2="#">
   <subfield code="a">ĐTTS ghi : Liên hiệp các hội văn học nghệ thuật Việt Nam. Hội văn học nghệ thuật các dân tộc thiểu số Việt Nam</subfield>
  </datafield>
  <datafield tag="653" ind1="#" ind2="#">
   <subfield code="a">Bài viết</subfield>
  </datafield>
  <datafield tag="653" ind1="#" ind2="#">
   <subfield code="a">Nghiên cứu văn học</subfield>
  </datafield>
  <datafield tag="653" ind1="#" ind2="#">
   <subfield code="a">Phê bình văn học</subfield>
  </datafield>
  <datafield tag="653" ind1="#" ind2="#">
   <subfield code="a">Việt Nam</subfield>
  </datafield>
  <datafield tag="653" ind1="#" ind2="#">
   <subfield code="a">Văn học hiện đại</subfield>
  </datafield>
  <datafield tag="710" ind1="#" ind2="#">
   <subfield code="a">Hội Văn Nghệ dân gian Việt Nam</subfield>
  </datafield>
  <datafield tag="852" ind1="#" ind2="#">
   <subfield code="j">KD.0025728</subfield>
  </datafield>
  <datafield tag="910" ind1="#" ind2="#">
   <subfield code="d">19/4/2019</subfield>
  </datafield>
  <datafield tag="980" ind1="#" ind2="#">
   <subfield code="a">Trung tâm Học liệu Lê Vũ Hùng, Trường Đại học Đồng Tháp</subfield>
  </datafield>
 </record>
</collection>
